<?xml version="1.0" encoding="UTF-8"?>
<collection xmlns="http://www.loc.gov/MARC21/slim">
 <record>
  <leader>00888ngm a22002655g 4500</leader>
  <controlfield tag="001">CEM.cems022556</controlfield>
  <controlfield tag="008">130507b2001##################0###0#####d</controlfield>
  <controlfield tag="005">20241106180935.0</controlfield>
  <datafield tag="245" ind1="0" ind2="0">
   <subfield code="a">Buenos Aires y alrededores.</subfield>
  </datafield>
  <datafield tag="300" ind1=" " ind2=" ">
   <subfield code="a">41'.</subfield>
  </datafield>
  <datafield tag="490" ind1="0" ind2=" ">
   <subfield code="a">Rutas argentinas</subfield>
  </datafield>
  <datafield tag="500" ind1=" " ind2=" ">
   <subfield code="a">En soporte VHS, consultar en ventanilla.</subfield>
  </datafield>
  <datafield tag="538" ind1=" " ind2=" ">
   <subfield code="a">Soporte: VHS - Norma: Pal N - Color: Si - Grabación DRD 2001 - Hitachi=4385.</subfield>
  </datafield>
  <datafield tag="520" ind1=" " ind2=" ">
   <subfield code="a">Buenos Aires. Recorrido por la ciudad y sus alrededores. Obelisco, Plaza de Mayo, La Boca, Costanera, San Isidro, Tigre, etc.</subfield>
  </datafield>
  <datafield tag="082" ind1="9" ind2="1">
   <subfield code="/">TUR-1</subfield>
  </datafield>
  <datafield tag="653" ind1=" " ind2=" ">
   <subfield code="a">BUENOS AIRES</subfield>
  </datafield>
  <datafield tag="653" ind1=" " ind2=" ">
   <subfield code="a">OBELISCO</subfield>
  </datafield>
  <datafield tag="653" ind1=" " ind2=" ">
   <subfield code="a">PLAZA DE MAYO</subfield>
  </datafield>
  <datafield tag="653" ind1=" " ind2=" ">
   <subfield code="a">LA BOCA</subfield>
  </datafield>
  <datafield tag="653" ind1=" " ind2=" ">
   <subfield code="a">COSTANERA</subfield>
  </datafield>
  <datafield tag="653" ind1=" " ind2=" ">
   <subfield code="a">SAN ISIDRO</subfield>
  </datafield>
  <datafield tag="653" ind1=" " ind2=" ">
   <subfield code="a">TIGRE</subfield>
  </datafield>
  <datafield tag="653" ind1=" " ind2=" ">
   <subfield code="a">NIVEL PRIMARIO</subfield>
  </datafield>
  <datafield tag="653" ind1=" " ind2=" ">
   <subfield code="a">NIVEL SECUNDARIO</subfield>
  </datafield>
  <datafield tag="859" ind1=" " ind2=" ">
   <subfield code="a">CEMS</subfield>
   <subfield code="b">BIB. CEMS - Depto. Recursos Didacticos</subfield>
   <subfield code="h">918</subfield>
   <subfield code="i">TUR-1</subfield>
   <subfield code="k">DRD</subfield>
   <subfield code="p">1199.12</subfield>
   <subfield code="t">Ej.1</subfield>
  </datafield>
 </record>
</collection>
